• 首页
  • 本馆介绍
  • 公告通知
  • 最新文献
  • 馆藏检索
  • 电子资源
  • 读者导购
  • 参考咨询
  • 我的图书馆
  • 登录
  • 详细信息显示
  • 放入我的书架
  • 预约/预借图书
  • 作者相关作品
  • 分类相关作品
  • 丛书相关作品
  • 出版社相关作品

书目信息

  • 表格格式
  • 工作单格式
  • 卡片格式
题名:
水产海鲜加工刀法
    
 
作者: 喻成清 主编
分册:  
出版信息: 合肥   安徽人民出版社  2007.03
页数: 95页
开本: 29cm
丛书名: 烹饪刀工技法应用丛书
单 册:
中图分类: TS972.111
科图分类:
主题词: 水产品--原料--加工--图解 , 海产品--原料--加工--图解 , 水产品 , 原料 , 海产品
电子资源:
ISBN: 978-7-212-03028-5
000 00968oam2 2200301 450
001 003476323
005 20070720132730.0
010    @a978-7-212-03028-5@dCNY29.80@z7-212-03028-7
100    @a20100913d2007 em y0chiy0110 ea
101 0  @achi
102    @aCN@b340000
105    @aa z 000yy
200 1  @a水产海鲜加工刀法@Ashui chan hai xian jia gong dao fa@f喻成清主编
210    @a合肥@c安徽人民出版社@d2007.03
215    @a95页@d29cm
225 2  @a烹饪刀工技法应用丛书@e全彩版
300    @a第一套全彩版烹饪刀工技能升级读物
330    @a本书从烹饪实际应用的角度,科学全面地介绍了水产海鲜类食材的种类和特点、初加工原则及常见水产的加工刀法实例。
461  0 @12001@@a烹饪刀工技法应用丛书
606 0  @a水产品@x原料@x加工@j图解
606 0  @a海产品@x原料@x加工@j图解
606 0  @a水产品
606 0  @a原料
606 0  @a海产品
690    @aTS972.111@v5
701  0 @a喻成清@Ayu cheng qing@4主编
905    @aBZT@dTS972.111@e4
906    @dCNY29.80@n0@r1
    
    水产海鲜加工刀法/喻成清主编.-合肥:安徽人民出版社,2007.03
    95页;29cm.-(烹饪刀工技法应用丛书:全彩版)
    第一套全彩版烹饪刀工技能升级读物
    
    ISBN 978-7-212-03028-5:CNY29.80
    本书从烹饪实际应用的角度,科学全面地介绍了水产海鲜类食材的种类和特点、初加工原则及常见水产的加工刀法实例。
●
相关链接 在五车中查询图书 在当当中查询图书 在豆瓣中查询图书


正题名:水产海鲜加工刀法     索取号:TS972.111/4         预约/预借

序号 登录号 条形码 馆藏地/架位号 状态 备注
1 770948   2000770948   中心书库中库/ 中库024架A面2列1层35/ [索取号:TS972.111/4] 在馆    
2 770949   2000770949   中心书库中库/ 中库024架A面2列1层13/ [索取号:TS972.111/4] 在馆    
3 770950   2000770950   中心书库中库/ 中库024架A面2列1层1/ [索取号:TS972.111/4] 在馆    
4 770951   2000770951   中心书库中库/ 中库024架A面2列1层22/ [索取号:TS972.111/4] 在馆    
5 770952   2000770952   中心书库中库/ 中库024架A面2列1层23/ [索取号:TS972.111/4] 在馆    
6 770953   2000770953   中心书库中库/ 中库024架A面2列1层24/ [索取号:TS972.111/4] 在馆    
7 770954   2000770954   中心书库中库/ 中库024架A面2列1层25/ [索取号:TS972.111/4] 在馆    
8 770955   2000770955   中心书库中库/ 中库024架A面2列1层26/ [索取号:TS972.111/4] 在馆    
9 770956   2000770956   中心书库中库/ 中库024架A面2列1层16/ [索取号:TS972.111/4] 在馆    
10 770957   2000770957   中心书库中库/ 中库024架A面2列1层17/ [索取号:TS972.111/4] 在馆    
山东省滨州职业学院图书馆 欢迎您!
大连网信软件有限公司© 版权所有